Statistics for Enstars Boy

Click here to take the quiz!

General Stats

  • This quiz has been taken 63 times
  • The average score is 43 of 50

Answer Stats

HintAnswer% Correct
my names in all caps cause im qUirkYHIMERU
98%
nApTImeRei
98%
deathEichi
95%
JUN KUN *bangs on minecraft door*Hiyori
95%
OCEAN MAN TAKE ME BY THE HAND LEAD ME TO THE LAND THAT YOU UNDERSTANDDDDDD OCEAN MAN THE VOYAGE TO THE CORNER OF THE GLOBE IS A REAL TRIPKanata
95%
tittiesKaoru
95%
furry (best boy cause this test isnt bias or anything)Koga
95%
smirk im another big boy good boyRinne
95%
i have a slave and i pee the bed stilltori
95%
beat the meatAdonis
93%
love lives biggest fanAira
93%
hi im a girl please just say im a girl its not that hardarashi
93%
im lava girlHiiro
93%
i dont know what to say for him cause hi hes hokutoHokuto
93%
blue furryJun
93%
*clown music approaches you*Wataru
93%
I look like a girl, please spare some change ma'amHajime
90%
...im another pink boy (IDK WHAT TO PUT PLEASE)kohaku
90%
im enstars 1st shark boyMayoi
90%
yes i do the cooking yes i do the cleaning yes i keep-Niki
90%
croissantShu
90%
i took hajimes penniessubaru
90%
OnstAmBle sTARSTsukasa
90%
hi hungry im dadChiaki
88%
beat him with a tennis racketIzumi
88%
kill me pleaseMidori
88%
big bronazuna
88%
im a baby but im emoShinobu
88%
dorimeTatsumi
88%
im said slaveyuzuru
88%
WAHAHAHAHAHAHHAHAHAHAHAHAHHAHAHAHAHAHA~~~☆Leo
85%
ssssssssssIbara
83%
big boy badass boy cool boy that boy mhmmmKuro
83%
im big manMadara
83%
im ___mao
83%
breadMitsuru
83%
everyones bpm spikes when i talkNagisa
83%
sweetHinata
80%
punch memakoto
80%
please save me from myselfMika
80%
My dad owns epic he will ban your fortnite accountSora
80%
i belong in touken ranbusouma
80%
order in the court igKeito
78%
RawrTetora
78%
im not gay but im gayTomoya
78%
teacher twojin
76%
necklace fanficNatsume
76%
spicyYuuta
66%
teacher onekunugi
44%
sleep....ristu
32%

Score Distribution

Percentile by Number Answered

Percent of People with Each Score

Your Score History

You have not taken this quiz